[Event "NZL-ch rapid op"]
[Site "Auckland"]
[Date "2019.01.24"]
[Round "7"]
[White "Lovejoy, David W"]
[Black "Wohl, Aleksandar H"]
[Result "0-1"]
[WhiteElo "1906"]
[BlackElo "2335"]
[PlyCount "59"]
[EventDate "2019.01.23"]
[EventType "swiss (rapid)"]
[EventRounds "9"]
[EventCountry "NZL"]
[SourceTitle "CBM 189 Extra"]
[Source "ChessBase"]
[SourceDate "2019.06.03"]
[SourceVersion "1"]
[SourceVersionDate "2019.06.03"]
[SourceQuality "1"]

1. e4 Nf6 2. e5 Nd5 3. Nc3 e6 4. Bc4 Nb6 5. Bb3 d6 6. exd6 Bxd6 7. Nf3 c5 8. d3 Nc6 9. Ne4 Be7 10. c3 Nd5 11. Be3 Nxe3 12. fxe3 0-0 13. 0-0 b6 14. d4 Na5 15. Bc2 f5 16. Ned2 Bb7 17. Qe1 Rc8 18. Qg3 Rf6 19. Ne5 Bd6 20. Ndf3 Rg6 21. Qh3 Bxe5 22. dxe5 Qc7 23. Rad1 Nc4 24. Rf2 Nxe3 25. Re1 Nxc2 26. Rxc2 Rd8 27. Rf2 Rd3 28. Qh5 Qd8 29. h3 Rxf3 30. Rxf3 0-1

[Event "NZL-ch rapid op"]
[Site "Auckland"]
[Date "2019.01.23"]
[Round "5"]
[White "Lovejoy, David W"]
[Black "Sandler, Leonid"]
[Result "0-1"]
[WhiteElo "1906"]
[BlackElo "2288"]
[PlyCount "52"]
[EventDate "2019.01.23"]
[EventType "swiss (rapid)"]
[EventRounds "9"]
[EventCountry "NZL"]
[SourceTitle "CBM 189 Extra"]
[Source "ChessBase"]
[SourceDate "2019.06.03"]
[SourceVersion "1"]
[SourceVersionDate "2019.06.03"]
[SourceQuality "1"]

1. e4 c5 2. Nf3 e6 3. d4 cxd4 4. Nxd4 Nf6 5. Bd3 Nc6 6. Nxc6 bxc6 7. 0-0 d5 8. Nc3 Be7 9. e5 Nd7 10. f4 Ba6 11. Bxa6 Qb6+ 12. Kh1 Qxa6 13. b3 g6 14. Bb2 h5 15. Na4 c5 16. Qd3 c4 17. Qf3 Rc8 18. Rf2 h4 19. h3 Nb6 20. Nxb6 axb6 21. Bd4 b5 22. a4 0-0 23. Qg4 cxb3 24. cxb3 bxa4 25. Rxa4 Qd3 26. Ra1 Qxd4 0-1

[Event "NZL-ch rapid op"]
[Site "Auckland"]
[Date "2019.01.23"]
[Round "3"]
[White "Notley, David G"]
[Black "Lovejoy, David W"]
[Result "1/2-1/2"]
[WhiteElo "1993"]
[BlackElo "1906"]
[PlyCount "58"]
[EventDate "2019.01.23"]
[EventType "swiss (rapid)"]
[EventRounds "9"]
[EventCountry "NZL"]
[SourceTitle "CBM 189 Extra"]
[Source "ChessBase"]
[SourceDate "2019.06.03"]
[SourceVersion "1"]
[SourceVersionDate "2019.06.03"]
[SourceQuality "1"]

1. c4 Nf6 2. Nf3 e6 3. g3 d5 4. Bg2 Be7 5. 0-0 0-0 6. d4 dxc4 7. Qc2 a6 8. Qxc4 b5 9. Qc2 Bb7 10. Bg5 Nbd7 11. Nbd2 Rc8 12. Bxf6 Nxf6 13. Nb3 Be4 14. Qc3 Nd5 15. Qd2 c5 16. dxc5 Bxc5 17. Nxc5 Rxc5 18. Rac1 Rxc1 19. Rxc1 Qb8 20. Rc5 Rc8 21. Qc1 Rxc5 22. Qxc5 Qc7 23. Qxc7 Nxc7 24. Nd4 Bxg2 25. Kxg2 Kf8 26. Nc6 Ke8 27. Kf3 f6 28. Ke4 Kd7 29. Nd4 Ke8 1/2-1/2

[Event "Asia-ch Seniors 65 8th"]
[Site "Auckland"]
[Date "2017.10.15"]
[Round "9"]
[White "Yussof, Pg Abd Rahman"]
[Black "Lovejoy, David W"]
[Result "1-0"]
[WhiteElo "1839"]
[BlackElo "1838"]
[PlyCount "105"]
[EventDate "2017.10.09"]
[EventType "swiss"]
[EventRounds "9"]
[EventCountry "NZL"]
[SourceTitle "CBM 181 Extra"]
[Source "ChessBase"]
[SourceDate "2017.12.12"]
[SourceVersion "1"]
[SourceVersionDate "2017.12.12"]
[SourceQuality "1"]

1. d4 Nf6 2. Nf3 d5 3. g3 e6 4. Bg2 Be7 5. 0-0 0-0 6. Bf4 c5 7. c3 Nc6 8. e3 b6 9. Re1 Bb7 10. Nbd2 Bd6 11. Ne5 cxd4 12. Nxc6 Bxc6 13. Bxd6 Qxd6 14. exd4 Rac8 15. f4 Rc7 16. Nf3 Rfc8 17. Bf1 Be8 18. Ne5 b5 19. a3 a5 20. Nd3 Nd7 21. Qe2 Qb6 22. Kh1 Nf6 23. h3 Ne4 24. Kh2 f5 25. Rac1 Rf7 26. Bg2 Rf6 27. Bf3 Rh6 28. Kg2 Qd8 29. Bxe4 fxe4 30. Ne5 Rc7 31. Qe3 Rf6 32. Rf1 h6 33. Rf2 g6 34. Ng4 Rf8 35. Nxh6+ Kg7 36. Ng4 Rh8 37. Rff1 Rh7 38. Ne5 Rb7 39. Qd2 Kg8 40. Qf2 Qb8 41. g4 Qa8 42. g5 Kf8 43. Ng4 Rh8 44. Qg3 Qb8 45. Nf6 Bc6 46. Qg4 Qd6 47. b4 Ra7 48. Ra1 Kg7 49. h4 Rha8 50. h5 axb4 51. hxg6 Rxa3 52. Qh5 Rh8 53. Nh7 1-0

[Event "Asia-ch Seniors 65 8th"]
[Site "Auckland"]
[Date "2017.10.12"]
[Round "6"]
[White "Legaspi, Edmundo"]
[Black "Lovejoy, David W"]
[Result "0-1"]
[WhiteElo "2087"]
[BlackElo "1838"]
[PlyCount "142"]
[EventDate "2017.10.09"]
[EventType "swiss"]
[EventRounds "9"]
[EventCountry "NZL"]
[SourceTitle "CBM 181 Extra"]
[Source "ChessBase"]
[SourceDate "2017.12.12"]
[SourceVersion "1"]
[SourceVersionDate "2017.12.12"]
[SourceQuality "1"]

1. e4 e5 2. Nf3 Nc6 3. Bc4 Bc5 4. c3 Nf6 5. d3 d6 6. Nbd2 a6 7. Nf1 0-0 8. Ne3 Na5 9. Bb3 Nxb3 10. axb3 Re8 11. b4 Ba7 12. 0-0 h6 13. Nc4 c6 14. h3 Qc7 15. Qc2 Be6 16. Re1 Rad8 17. Be3 Bxe3 18. Nxe3 Bc8 19. c4 Nh5 20. d4 Nf4 21. Rad1 Qe7 22. d5 Qf6 23. Nh2 Qg6 24. Kh1 cxd5 25. cxd5 Bd7 26. Nf3 Rc8 27. Qb1 Bb5 28. Ng1 Rc7 29. g3 Nd3 30. Kg2 Qxe4+ 31. Kh2 Qg6 32. Re2 Nxb4 33. Qxg6 fxg6 34. Red2 Rec8 35. Ne2 Bxe2 36. Rxe2 Nc2 37. Nxc2 Rxc2 38. Rdd2 Rxd2 39. Rxd2 Rc4 40. Kg2 e4 41. Kf1 Kf7 42. Ke2 Kf6 43. f4 exf3+ 44. Kxf3 Ke5 45. Re2+ Kxd5 46. Re7 Rb4 47. Rxg7 Rb3+ 48. Kg4 Rb4+ 49. Kf3 Rxb2 50. Rxg6 a5 51. Rxh6 a4 52. Rh5+ Kc4 53. Ra5 b5 54. g4 Kb4 55. Ra8 a3 56. g5 a2 57. g6 Rb3+ 58. Kf4 Ra3 59. Rxa3 Kxa3 60. g7 a1Q 61. g8Q Qf1+ 62. Ke3 Qxh3+ 63. Kd2 Qh2+ 64. Kd3 b4 65. Qa8+ Kb2 66. Qc6 Qg3+ 67. Ke2 Qe5+ 68. Kd1 Qd4+ 69. Ke2 d5 70. Qa4 Qc4+ 71. Ke3 Qb3+ 0-1

[Event "Asia-ch Seniors 65 8th"]
[Site "Auckland"]
[Date "2017.10.09"]
[Round "1"]
[White "Lovejoy, David W"]
[Black "Torre, Eugenio"]
[Result "0-1"]
[WhiteElo "1838"]
[BlackElo "2456"]
[PlyCount "100"]
[EventDate "2017.10.09"]
[EventType "swiss"]
[EventRounds "9"]
[EventCountry "NZL"]
[SourceTitle "CBM 181 Extra"]
[Source "ChessBase"]
[SourceDate "2017.12.12"]
[SourceVersion "1"]
[SourceVersionDate "2017.12.12"]
[SourceQuality "1"]

1. e4 c5 2. Nf3 Nc6 3. d4 cxd4 4. Nxd4 Nf6 5. Nc3 d6 6. h3 e5 7. Nde2 Be6 8. Bg5 Be7 9. Ng3 0-0 10. Bxf6 Bxf6 11. Be2 Qb6 12. 0-0 Nd4 13. Bd3 g6 14. b3 Rac8 15. Nce2 d5 16. Rb1 Rfd8 17. Kh2 Bh4 18. Nxd4 Qxd4 19. Qe2 dxe4 20. Nxe4 f5 21. Nd2 e4 22. Bc4 Bxc4 23. Nxc4 b5 24. Rbd1 Qc5 25. Ne3 Bg5 26. Rxd8+ Rxd8 27. Rd1 h5 28. Rxd8+ Bxd8 29. Qd2 Bc7+ 30. Kg1 Qd6 31. Qxd6 Bxd6 32. c4 bxc4 33. bxc4 Kf7 34. Kf1 Ke6 35. Ke2 Ke5 36. Nc2 g5 37. f3 exf3+ 38. Kxf3 g4+ 39. hxg4 fxg4+ 40. Kg3 Be7 41. a3 a5 42. a4 Ke4 43. Na1 Kf5 44. Nb3 h4+ 45. Kh2 Bd8 46. Nd4+ Ke4 47. Ne6 Be7 48. Kg1 Ke5 49. Nc7 Kd4 50. Nd5 Bg5 0-1

[Event "Wch Seniors 23rd"]
[Site "Opatija"]
[Date "2013.11.22"]
[Round "10"]
[White "Catania, Duane"]
[Black "Lovejoy, David W"]
[Result "1-0"]
[WhiteElo "2029"]
[BlackElo "1943"]
[PlyCount "77"]
[EventDate "2013.11.12"]
[EventType "swiss"]
[EventRounds "11"]
[EventCountry "CRO"]
[SourceTitle "CBM 157 Extra"]
[Source "ChessBase"]
[SourceDate "2013.12.19"]
[SourceVersion "1"]
[SourceVersionDate "2013.12.19"]
[SourceQuality "1"]

1. e4 e5 2. Nf3 Nc6 3. Bc4 Bc5 4. c3 Nf6 5. d3 d6 6. 0-0 a6 7. a3 h6 8. Bb3 Ba7 9. h3 0-0 10. Re1 Ne7 11. d4 Ng6 12. Be3 Qe7 13. Nbd2 Be6 14. Bc2 c6 15. Nf1 Rfd8 16. Ng3 Qf8 17. Nf5 Bb8 18. Qc1 Bc7 19. g4 Rd7 20. Kh1 Re8 21. g5 hxg5 22. Nxg5 Nh5 23. Qd1 Ngf4 24. Bxf4 Nxf4 25. Qg4 f6 26. Nxe6 Rxe6 27. Bb3 d5 28. exd5 cxd5 29. c4 Qe8 30. cxd5 Rb6 31. Re3 Bd6 32. Qxf4 Rxb3 33. Rg1 Rxe3 34. Qxe3 Qh5 35. Nxd6 Rxd6 36. Qg3 Qf7 37. dxe5 fxe5 38. Qxe5 Rxd5 39. Rxg7+ 1-0

[Event "Wch Seniors 23rd"]
[Site "Opatija"]
[Date "2013.11.14"]
[Round "3"]
[White "Hutchinson, Norman A"]
[Black "Lovejoy, David W"]
[Result "1-0"]
[WhiteElo "2106"]
[BlackElo "1943"]
[PlyCount "105"]
[EventDate "2013.11.12"]
[EventType "swiss"]
[EventRounds "11"]
[EventCountry "CRO"]
[SourceTitle "CBM 157 Extra"]
[Source "ChessBase"]
[SourceDate "2013.12.19"]
[SourceVersion "1"]
[SourceVersionDate "2013.12.19"]
[SourceQuality "1"]

1. e4 e5 2. Nf3 Nc6 3. Bb5 a6 4. Ba4 Nf6 5. 0-0 Be7 6. Bxc6 dxc6 7. d3 Nd7 8. Nbd2 f6 9. Nh4 0-0 10. Nf5 Nc5 11. Nxe7+ Qxe7 12. Nc4 Rd8 13. Qe2 Qf7 14. f4 exf4 15. Bxf4 Be6 16. Nd2 Qd7 17. Qf2 b6 18. b3 Nb7 19. Be3 c5 20. Nf3 Rf8 21. Rae1 Nd8 22. Qg3 Nf7 23. Bc1 Ne5 24. Nxe5 Qd4+ 25. Be3 Qxe5 26. Bf4 Qd4+ 27. Rf2 c6 28. Bc7 b5 29. Qd6 Rae8 30. Qxd4 cxd4 31. Bb6 Rc8 32. Bxd4 c5 33. Bc3 c4 34. bxc4 bxc4 35. d4 Rfe8 36. h3 Rb8 37. Rfe2 Bd7 38. Kf2 Kf7 39. Rd2 Rb7 40. Ke3 Bb5 41. d5 Rxe4+ 42. Kxe4 Re7+ 43. Kd4 Rxe1 44. Kc5 Re8 45. Ba5 Re4 46. c3 f5 47. Kb6 g5 48. d6 Ke6 49. Kc7 Bd7 50. Rb2 Re5 51. Bb6 Bb5 52. Bd4 Re4 53. Rxb5 1-0

[Event "Wch Seniors 23rd"]
[Site "Opatija"]
[Date "2013.11.12"]
[Round "1"]
[White "Fucak, Emilijo"]
[Black "Lovejoy, David W"]
[Result "1-0"]
[WhiteElo "2223"]
[BlackElo "1943"]
[PlyCount "61"]
[EventDate "2013.11.12"]
[EventType "swiss"]
[EventRounds "11"]
[EventCountry "CRO"]
[SourceTitle "CBM 157 Extra"]
[Source "ChessBase"]
[SourceDate "2013.12.19"]
[SourceVersion "1"]
[SourceVersionDate "2013.12.19"]
[SourceQuality "1"]

1. c4 Nf6 2. g3 g6 3. Bg2 Bg7 4. Nc3 d6 5. e4 0-0 6. Nge2 Nc6 7. 0-0 a6 8. Rb1 Rb8 9. a4 a5 10. d3 e5 11. h3 Ne8 12. Be3 f5 13. Qd2 Nf6 14. b3 Kh8 15. Nd5 Nxd5 16. exd5 Nb4 17. d4 c6 18. dxe5 Bxe5 19. dxc6 bxc6 20. Rfd1 Re8 21. Nd4 Bb7 22. Nf3 Qe7 23. Bb6 c5 24. Nxe5 Bxg2 25. Kxg2 Rxb6 26. Nf3 Qb7 27. Re1 Re4 28. Kg1 Rxe1+ 29. Rxe1 Qxf3 30. Qh6 Rb8 31. Re7 1-0

[Event "Oceania-ch Seniors"]
[Site "Christchurch"]
[Date "2013.04.26"]
[Round "3"]
[White "Milligan, Helen"]
[Black "Lovejoy, David W"]
[Result "1/2-1/2"]
[WhiteElo "1978"]
[BlackElo "1930"]
[PlyCount "102"]
[EventDate "2013.04.25"]
[EventType "swiss"]
[EventRounds "7"]
[EventCountry "NZL"]
[SourceTitle "EXT 2018"]
[Source "ChessBase"]
[SourceDate "2017.10.13"]
[SourceVersion "1"]
[SourceVersionDate "2017.10.13"]
[SourceQuality "1"]

1. e4 e5 2. Nf3 Nc6 3. Bb5 a6 4. Ba4 Nf6 5. 0-0 Be7 6. Re1 b5 7. Bb3 d6 8. c3 0-0 9. h3 Na5 10. Bc2 c5 11. d4 Qc7 12. Nbd2 Bd7 13. Nf1 Nc4 14. b3 Nb6 15. d5 Ne8 16. Ng3 g6 17. Bh6 Ng7 18. Qd2 c4 19. b4 a5 20. a3 Ra6 21. Rad1 Bf6 22. Bg5 Bxg5 23. Qxg5 f6 24. Qh6 axb4 25. axb4 Ra2 26. Bb1 Ra3 27. Qc1 Rfa8 28. Nf1 Qa7 29. Ne3 Qb8 30. Re2 Qf8 31. Rdd2 Nh5 32. Re1 Nf4 33. Kh2 R3a7 34. Ng1 Qh6 35. Nf1 Rf8 36. Re3 Nc8 37. Ne2 Ne7 38. Bc2 f5 39. Qe1 Nxe2 40. Rexe2 f4 41. f3 g5 42. Bd1 g4 43. fxg4 Bxg4 44. Ra2 Rfa8 45. Rxa7 Rxa7 46. Rd2 Bxd1 47. Qxd1 Ng6 48. Qg4 Qf8 49. Rf2 Qe7 50. Kg1 Ra3 51. Rf3 Ra8 1/2-1/2

[Event "Oceania-ch Seniors"]
[Site "Christchurch"]
[Date "2013.04.25"]
[Round "1"]
[White "Cooper, Nigel"]
[Black "Lovejoy, David W"]
[Result "0-1"]
[WhiteElo "1772"]
[BlackElo "1930"]
[PlyCount "76"]
[EventDate "2013.04.25"]
[EventType "swiss"]
[EventRounds "7"]
[EventCountry "NZL"]
[SourceTitle "EXT 2018"]
[Source "ChessBase"]
[SourceDate "2017.10.13"]
[SourceVersion "1"]
[SourceVersionDate "2017.10.13"]
[SourceQuality "1"]

1. f4 d5 2. g3 Bf5 3. Bg2 e6 4. Nf3 Nf6 5. 0-0 c5 6. d3 Nc6 7. c3 Bd6 8. Nh4 0-0 9. Nxf5 exf5 10. c4 d4 11. e4 dxe3 12. Bxe3 Re8 13. Bd2 Bf8 14. Bc3 Ng4 15. Re1 Rxe1+ 16. Bxe1 Qd4+ 17. Kh1 Qxb2 18. Nd2 Re8 19. Nb3 Ne3 20. Qd2 Qxd2 21. Bxd2 Nxg2 22. Kxg2 Rd8 23. Be3 Rxd3 24. Bxc5 Rxb3 25. axb3 Bxc5 26. Rd1 g6 27. h3 a5 28. g4 fxg4 29. hxg4 Nd4 30. Rd3 Kf8 31. Kg3 Ke7 32. Re3+ Ne6 33. Re5 b6 34. Re4 Bd6 35. Kf3 Bxf4 36. Rxe6+ Kxe6 37. Kxf4 f6 38. Ke4 h5 0-1

[Event "Australian op"]
[Site "Cammeray"]
[Date "2013.01.04"]
[Round "3"]
[White "Lovejoy, David W"]
[Black "Yang, Ray"]
[Result "1-0"]
[WhiteElo "1937"]
[BlackElo "1625"]
[PlyCount "79"]
[EventDate "2013.01.02"]
[EventType "swiss"]
[EventRounds "11"]
[EventCountry "AUS"]
[SourceTitle "CBM 152 Extra"]
[Source "ChessBase"]
[SourceDate "2013.02.25"]
[SourceVersion "1"]
[SourceVersionDate "2013.02.25"]
[SourceQuality "1"]

1. e4 e6 2. d3 d5 3. Qe2 Nf6 4. g3 Be7 5. Bg2 0-0 6. Nf3 Re8 7. 0-0 Nc6 8. e5 Nd7 9. Re1 f6 10. d4 Ncb8 11. c3 c5 12. Nbd2 Nc6 13. Nf1 Qb6 14. Rd1 fxe5 15. dxe5 d4 16. Bf4 Bd8 17. Qc2 Bc7 18. Re1 Nf8 19. N1d2 dxc3 20. bxc3 Bd8 21. h4 Qc7 22. Nc4 Ng6 23. Bg5 b6 24. h5 Nh8 25. Nd6 Rf8 26. Bxd8 Rxd8 27. Rad1 Ba6 28. Ng5 g6 29. Nxe6 Qd7 30. Nxd8 Rxd8 31. Bd5+ Kg7 32. Qe4 Ne7 33. h6+ Kxh6 34. Qh4+ Kg7 35. Qf6+ Kh6 36. Kg2 Qh3+ 37. Kxh3 Nxd5 38. Rxd5 Bc8+ 39. Kg2 Bb7 40. Rh1# 1-0

[Event "Queensland-ch"]
[Site "Brisbane"]
[Date "2012.09.27"]
[Round "1"]
[White "Froehlich, Peter"]
[Black "Lovejoy, David W"]
[Result "1/2-1/2"]
[WhiteElo "2351"]
[BlackElo "1944"]
[PlyCount "79"]
[EventDate "2012.09.27"]
[EventType "swiss"]
[EventRounds "9"]
[EventCountry "AUS"]
[SourceTitle "EXT 2013"]
[Source "ChessBase"]
[SourceDate "2012.11.22"]
[SourceVersion "1"]
[SourceVersionDate "2012.11.22"]
[SourceQuality "1"]

1. d4 Nf6 2. Bg5 c5 3. d5 Qb6 4. Nc3 Qxb2 5. Bd2 Qb6 6. e4 e5 7. f4 d6 8. Rb1 Qd8 9. f5 Be7 10. Bd3 Na6 11. g4 Nd7 12. Nf3 Bh4+ 13. Kf1 h6 14. Nxh4 Qxh4 15. Kg2 Nc7 16. Be1 Qe7 17. h4 b6 18. Qe2 a6 19. a4 a5 20. Nb5 Na6 21. Bd2 Kf8 22. g5 c4 23. Bxc4 Nac5 24. Nc3 Bb7 25. Qh5 Rc8 26. Bd3 Nxd3 27. cxd3 Nc5 28. Rh3 Ba6 29. f6 gxf6 30. gxf6 Qxf6 31. Rf3 Rg8+ 32. Kh3 Qg6 33. Qxh6+ Qxh6 34. Bxh6+ Ke8 35. Rxb6 Bxd3 36. Nb5 Bc2 37. Rb7 Nxe4 38. Rf5 Rg1 39. Bg5 Nxg5+ 40. hxg5 1/2-1/2

[Event "Queenstown op"]
[Site "Queenstown"]
[Date "2012.01.23"]
[Round "9"]
[White "Smokina, Karolina"]
[Black "Lovejoy, David W"]
[Result "1/2-1/2"]
[WhiteElo "2167"]
[BlackElo "1939"]
[PlyCount "62"]
[EventDate "2012.01.15"]
[EventType "swiss"]
[EventRounds "9"]
[EventCountry "NZL"]
[SourceTitle "CBM 146 Extra"]
[Source "ChessBase"]
[SourceDate "2012.02.29"]
[SourceVersion "1"]
[SourceVersionDate "2012.02.29"]
[SourceQuality "1"]

1. c4 Nf6 2. Nc3 g6 3. e4 d6 4. g3 Bg7 5. Bg2 e5 6. Nge2 0-0 7. d3 a5 8. Bg5 h6 9. Bd2 Na6 10. Nd5 Nc5 11. Bc3 c6 12. Nxf6+ Qxf6 13. 0-0 Qe7 14. Qd2 Na4 15. Bxa5 Nxb2 16. Bb6 Na4 17. Be3 Kh7 18. Rab1 Nc5 19. Nc1 Ne6 20. Nb3 Nd4 21. f4 f5 22. fxe5 dxe5 23. exf5 gxf5 24. Nxd4 exd4 25. Bf4 Qa3 26. Rf2 Re8 27. g4 Qc3 28. h3 Ra3 29. Bd6 Qxd3 30. Qxd3 Rxd3 31. gxf5 Bf6 1/2-1/2

[Event "Queenstown op"]
[Site "Queenstown"]
[Date "2012.01.18"]
[Round "4"]
[White "Holdaway, Stewart"]
[Black "Lovejoy, David W"]
[Result "0-1"]
[WhiteElo "1746"]
[BlackElo "1939"]
[PlyCount "118"]
[EventDate "2012.01.15"]
[EventType "swiss"]
[EventRounds "9"]
[EventCountry "NZL"]
[SourceTitle "CBM 146 Extra"]
[Source "ChessBase"]
[SourceDate "2012.02.29"]
[SourceVersion "1"]
[SourceVersionDate "2012.02.29"]
[SourceQuality "1"]

1. e4 e5 2. Nf3 Nc6 3. Bb5 a6 4. Bxc6 dxc6 5. 0-0 Bd6 6. d4 exd4 7. Nxd4 f6 8. Nc3 Ne7 9. Be3 0-0 10. Qe2 Qe8 11. Qc4+ Kh8 12. Qe2 Qg6 13. f4 c5 14. f5 Qf7 15. Nb3 b6 16. Bf4 Bb7 17. Rad1 Rad8 18. e5 fxe5 19. Bxe5 Nxf5 20. g4 Qg6 21. Bxd6 Nxd6 22. h3 h5 23. Qe7 Qe8 24. Rxf8+ Qxf8 25. Qxf8+ Rxf8 26. Nd5 Ne8 27. gxh5 c4 28. Nc1 Rf7 29. Ne2 Nf6 30. Ndf4 Rd7 31. Rxd7 Nxd7 32. Kf2 c5 33. Nc3 Kg8 34. Ncd5 Kf7 35. c3 b5 36. Ke3 Nf6 37. Nc7 Bc8 38. Kf3 Ke7 39. Ncd5+ Nxd5 40. Nxd5+ Kd6 41. Nf4 Bf5 42. h4 Ke5 43. Ke3 Bc2 44. Ng6+ Bxg6 45. hxg6 Kf5 46. Kf3 b4 47. Kg3 a5 48. a4 Kxg6 49. Kg4 Kh6 50. h5 g6 51. hxg6 Kxg6 52. Kf4 Kf6 53. Ke4 Ke6 54. cxb4 axb4 55. Ke3 Kd6 56. Kd2 Kc6 57. Kc2 Kb6 58. b3 cxb3+ 59. Kxb3 Ka5 0-1

[Event "Queenstown op"]
[Site "Queenstown"]
[Date "2012.01.15"]
[Round "1"]
[White "Johansen, Darryl Keith"]
[Black "Lovejoy, David W"]
[Result "1-0"]
[WhiteElo "2403"]
[BlackElo "1939"]
[PlyCount "58"]
[EventDate "2012.01.15"]
[EventType "swiss"]
[EventRounds "9"]
[EventCountry "NZL"]
[SourceTitle "CBM 146 Extra"]
[Source "ChessBase"]
[SourceDate "2012.02.29"]
[SourceVersion "1"]
[SourceVersionDate "2012.02.29"]
[SourceQuality "1"]

1. c4 g6 2. d4 Bg7 3. e4 c5 4. d5 e5 5. Nc3 d6 6. Bd3 a6 7. h3 Ne7 8. g4 0-0 9. Nf3 Nd7 10. Qe2 Nf6 11. Be3 Bd7 12. Nd2 h6 13. f3 Ne8 14. h4 f5 15. gxf5 gxf5 16. exf5 Nxf5 17. Bxf5 Bxf5 18. Nde4 Nf6 19. 0-0-0 Nh5 20. Rdg1 Nf4 21. Qd2 Bxe4 22. Nxe4 b5 23. Rg4 bxc4 24. Rhg1 Rf7 25. Bxf4 exf4 26. Rg6 Raa7 27. Nxd6 Rf6 28. Qg2 Rxg6 29. Qxg6 Qf8 1-0